Welcome to the Holygrace Academy Library

Please use search bar below to get started

VALI: THE DOWNFALL OF THE ARRROGANT KING (Record no. 8974)

MARC details
000 -LEADER
fixed length control field 00409nam a22001457a 4500
020 ## - INTERNATIONAL STANDARD BOOK NUMBER
ISBN 978-81-8482-108-6
082 ## - DEWEY DECIMAL CLASSIFICATION NUMBER
Classification number 823
Item number PAI/V
100 ## - MAIN ENTRY--AUTHOR NAME
Personal name PAI, ANANT
245 ## - TITLE STATEMENT
Title VALI: THE DOWNFALL OF THE ARRROGANT KING
246 ## - VARYING FORM OF TITLE
Title proper/short title VALI: THE DOWNFALL OF THE ARRROGANT KING
Remainder of title VALI: THE DOWNFALL OF THE ARRROGANT KING
260 ## - PUBLICATION, DISTRIBUTION, ETC. (IMPRINT)
Place of publication MUMBAI
Name of publisher AMAR CHITRA KATHA
300 ## - PHYSICAL DESCRIPTION
Number of Pages 31
650 ## - SUBJECT ADDED ENTRY--TOPICAL TERM
Topical Term ENGLISH STORIES
942 ## - ADDED ENTRY ELEMENTS (KOHA)
Koha item type Books
Holdings
Withdrawn status Lost status Collection code Home library Current library Shelving location Date acquired Source of acquisition Cost, normal purchase price Full call number Accession Number Koha item type
    Fiction Main Library Main Library NEW SHELF WITH NEW ENTRY 11/11/2023 PURCHASED 60.00 823 PAI/V 13339 Books